Normal view MARC view

Entry Topical Term

Number of records used in: 1

001 - CONTROL NUMBER

  • control field: 53021

003 - CONTROL NUMBER IDENTIFIER

  • control field: OSt

005 - DATE AND TIME OF LATEST TRANSACTION

  • control field: 20250513153627.0

008 - FIXED-LENGTH DATA ELEMENTS

  • fixed length control field: 250513|| aca||aabn | a|a d

040 ## - CATALOGING SOURCE

  • Original cataloging agency: OSt
  • Transcribing agency: OSt

150 ## - HEADING--TOPICAL TERM

  • Topical term or geographic name entry element: Central-local reactions rant allocation, Local public service delivery, Chittagong city corporation (CCC), Bangladesh.

670 ## - SOURCE DATA FOUND

  • Source citation: Work cat.: (OSt): Ahmed, Mamtaj Uddin Hoque, Morshadul and d Sanusi, Zainal Abidin Bin 53020, Fund allocation between the central and local government and its impact on the local public service delivery: The case of Chittagong city corporation, Bangladesh

Powered by Koha